| 000 | 00670nam a22002177a 4500 | ||
|---|---|---|---|
| 003 | OSt | ||
| 005 | 20260430053549.0 | ||
| 008 | 260430b |||||||| |||| 00| 0 eng d | ||
| 020 | _a981-4058-79-3 | ||
| 040 |
_aDWC-Main lib. _cOC |
||
| 082 |
_28th ed. _aCirc. 540 B881c 2000 |
||
| 100 | _aBrown, Theodore L. | ||
| 245 |
_aChemistry : _bthe central science/ _cTheodore L. Brown |
||
| 260 |
_aPhilippines : _bPrentice-hall, _cc2000. |
||
| 300 |
_axxxiii 1023, I-16 p. : _billustration ; _c26 cm. |
||
| 504 | _aInclude index.. | ||
| 700 | _aLemay, H. Eugene Jr. | ||
| 700 | _aBursten, Bruce E. | ||
| 760 | _b8th ed. | ||
| 942 |
_2ddc _cBK-CIRC _e8th ed. _hCirc. _n0 |
||
| 999 |
_c10129 _d10129 |
||